00655nam a2200169 a 450000100100000000500170001000800410002704000250006808200150009311000800010824500900018826000470027830000210032504900090034695201130035599900170046800002634720200930024521.0110314s1980 dr 000 0 spa d aDO-SdBNPbspacBNPHU axxxbB213s1 aBanco de Reservas de la República DominicanabSecretaría General95337400aCatálogo bibliográfico /cCompiladoras Bernardina Torres y Carmen A. Velázquez. aSanto Domingo :bBanco de Reservas,c1980. a221 p. ;c29 cm. aBNPD 0010718PDaPDbPDcCTd2011-03-14iLF1l0oxxx B213sp26347-10r2020-06-25w2020-06-25yLFPDZNo se presta c25839d25839